Países con más potencia eólica instalada acumulada a nivel mundial - Estadísticas

Estadísticas generales
  • Esta prueba ha sido intentada 36 veces
  • La puntuación promedio es 8 de 10
Estadísticas de respuestas
Hint Respuesta % Correcto
329 China
94%
132,7 Estados Unidos
94%
63,8 Alemania
90%
27,5 España
90%
14,3 Canadá
84%
18,7 Francia
84%
21,2 Brasil
81%
27,1 Reino Unido
81%
40,1 India
68%
12,1 Suecia
65%
No se encontraron pruebas coincidentes
Distribución de puntuación
Porcentaje de gente con cada puntuación
Porcentaje por número respondido
Historial de tus puntuaciones
No has intentado esta prueba.